Département Bouches-du-Rhône - Statistiques

Statistiques générales
  • Ce quiz a été pris 69 fois
  • Le résultat moyen est 7 sur 20
Statistiques - réponses
Indices Réponses % Correct
Quel numéro porte le département des Bouches-du-Rhône ? 13
98%
Quel est le chef-lieu départemental ? Marseille
97%
Jusqu'en 1800, quelle ville était alors le chef-lieu du département ? Aix
83%
Quelle région naturelle a pour capitale Saintes-Maries-de-la-Mer et est réputée pour ses chevaux et taureaux sauvages ? Camargue
68%
Dans quel stade joue l'Olympique de Marseille ? Orange Vélodrome
55%
Quelle confiserie d'Aix-en-Provence est traditionnellement faite de pâte de melon confit et d'amandes broyées ? Calisson
52%
Quel écrivain, pour y être né en 1895, à passé toute son enfance à Aubagne ? Marcel Pagnol
47%
Comment se nomment les successions d'anses et de criques s'étalant sur plus de vingt kilomètres le long de la côte méditerranéenne ? Calanques
45%
Quelle montagne est connue pour être l'un des sujets privilégiés du peintre Paul Cézanne ? Montagne Sainte-Victoire
40%
Comment y nomme-t-on les ouvriers chargés du gardiennage des troupeaux ? Gardian
37%
Comment sont nommés les habitants des Bouches-du-Rhône ? Bucco-Rhodaniens
32%
Quel entité emblématique de l'armée de l'air stationne à Salon-de-Provence ? Patrouille de France
30%
Qui est né à Marseille en 1797 et fut président de la République français de 1871 à 1873 ? Adolphe Thiers
25%
Pour concurrencer les « santibelli », que fabriquent soixante-deux ateliers depuis les années 1830 ? Santons de Provence
10%
Quel produit non destiné à l'alimentation humaine et classé appelation d'origine protégée est récolté dans la plaine de la Crau ? Foin de Crau
5%
Quelle roche calcaire réputée a notamment été utilisée dans la construction des quais du canal de Suez et d'Alexandrie et, selon une légende démentie, dans le socle de la statut de la Liberté ? Pierre de Cassis
5%
À Arles, comment s'appelle la nécropole qui abrite, entre autres, l'église Saint-Honorat et le chapelle des Porcelets ? Alyscamps
3%
En quelle année a été consacrée la basilique Notre-Dame-de-la-Garde qui surplombe Marseille ? 1864
2%
Quel nom est donné au réseau de transports en commun de la métropole d'Aix-Marseille-Provence ? La Métropole Mobilité
2%
Où étaient mis en quarantaine les navires arrivant à Marseille et dont la présence de la peste à bord était avérée ? Île Jarre
0%
Aucun quiz correspondant
Distribution des résultats
% des personnes avec chaque résultat
Percentile par nombre de réponses
Votre historique - résultats
Vous n’avez pas pris ce quiz